000 00447nmm a2200169Ia 4500
008 251105s9999||||xx |||||||||||||||||und||
020 _a9788492616107
041 _aspa
100 _aLardner, Ring
245 0 _aCampeón
264 _a[Madrid, España] :
_bMontesinos,
_c2009
300 _a144 páginas
490 _aNarrativa
650 _aNorth American narrative
856 _uhttps://public.digitaliapublishing.com/a/37100
942 _cCF
999 _c88940
_d88940